000 00806nam a22002057a 4500
003 BUBTL
008 230507b ||||| |||| 00| 0 eng d
020 _a9789848034446
082 _a891.441/ Az13k/ 2020
100 _95308
_aআজম, মোহাম্মদ
245 _aকবি ও কবতিার সন্ধানে /
_c মোহাম্মদ আজম
250 _a1st Edn.
260 _aঢাকা:
_bবাতিঘর,
_cc2020
300 _a200 p.:
_c22 cm.
505 _aকবি ও কবতিার সন্ধানে, মোহাম্মদ আাজম, বাংলা সাহিত্য, কবতিা
650 0 _91687
_aবাংলা সাহিত্য
856 _k0
_l0
_yDownload
942 _2ddc
_cBK
999 _c7037
_d7037